Szczegóły MARC21

Współcześni polscy pisarze i badacze literatury : słownik biobibliograficzny. T. 1- /

003 -Nazwa inst., której nr kontr. jest w polu 001 [,]
    • @
    • Nazwa instytucji, której n kontrolny jest w polu 001
    • NUKAT
005 -DATA I CZAS OSTATNIEJ MODYFIKACJI [,]
    • @
    • pole kontrolne
    • 20241231101435.0
020 -Międzynarod. znormalizowany nr książki - ISBN [ , ]
    • a
    • Numer ISBN
    • 8302054445 Find
    • q
    • Dopowiedzenie
    • t. 1-9
040 -Instytucja sporządzająca opis [ , ]
    • a
    • Instytucja, która sporządziła opis (NP)
    • KR 297/CRZ
    • c
    • Instytucja, która sporządziła rekord (NP)
    • KR 297/CRZ
    • d
    • Instytucja, która zmodyfikowała rekord (P)
    • KR 297/CRZ
    • d
    • Instytucja, która zmodyfikowała rekord (P)
    • Ł U/RRs
    • d
    • Instytucja, która zmodyfikowała rekord (P)
    • WA 248/ae
942 -Rodzaj dokumentu [ , ]
    • c
    • Rodzaj dokumentu
    • Książka
245 -Strefa tytułu i oznaczenia odpowiedzialności [0,0]
    • a
    • Tytuł
    • Współcześni polscy pisarze i badacze literatury : Find
    • b
    • Ciąg dalszy tytułu (NP)
    • słownik biobibliograficzny. Find
    • n
    • Oznaczenie części (P)
    • T. 1- /
    • c
    • Pozostałe elementy strefy tytułu i oznaczenia odpowiedzialności (NP)
    • oprac. zespół pod red. Jadwigi Czachowskiej i Alicji Szałagan.
260 -Strefa adresu wydawniczego [ , ]
    • a
    • Miejsce wydania (P)
    • Warszawa :
    • b
    • Nazwa wydawcy (P)
    • Wydawnictwa Szkolne i Pedagogiczne,
    • c
    • Data wydania (P)
    • 1994-.
300 -Strefa opisu fizycznego [ , ]
    • a
    • Określenie formy książki i/lub objętość (NP)
    • Wol. ;
    • c
    • Format (NP)
    • 24 cm.
336 -Typ zawartości [ , ]
    • a
    • Termin opisujący typ zawartości
    • Tekst
    • b
    • Kod określający zawartość
    • txt
    • 2
    • Źródło (terminu i kodu)
    • rdacontent
337 -Typ mediów [ , ]
    • a
    • Tryb odtwarzania
    • Bez urządzenia pośredniczącego
    • b
    • Kod typu mediów
    • n
    • 2
    • Źródło (terminu i kodu)
    • rdamedia
338 -Typ/rodzaj nośnika [ , ]
    • a
    • Hasło opisujące typ nośnika
    • Wolumin
    • b
    • Kod typu nośnika
    • nc
    • 2
    • Źródło (terminu i kodu)
    • rdacarrier
530 -Uwaga dot. innej postaci fizycznej dokumentu [ , ]
    • a
    • Uwaga dot. innej postaci fizycznej dokumentu
    • Dostępne także w wersji elektronicznej.
650 -Hasło przedmiotowe [ ,7]
    • a
    • Hasło przedmiotowe
    • Pisarze polscy
    • y
    • Określnik chronologiczny
    • 20 w.
    • v
    • Określnik formalny
    • biografie
    • v
    • Określnik formalny
    • słowniki.
    • 2
    • Źródło terminu
    • kaba
    • 9
    • KHW
    • 375332
650 -Hasło przedmiotowe [ ,7]
    • a
    • Hasło przedmiotowe
    • Historycy literatury
    • z
    • Określnik geograficzny
    • Polska
    • y
    • Określnik chronologiczny
    • 20 w.
    • v
    • Określnik formalny
    • biografie
    • v
    • Określnik formalny
    • słowniki.
    • 2
    • Źródło terminu
    • kaba
    • 9
    • KHW
    • 468762
650 -Hasło przedmiotowe [ ,7]
    • a
    • Hasło przedmiotowe
    • Krytycy
    • z
    • Określnik geograficzny
    • Polska
    • y
    • Określnik chronologiczny
    • 20 w.
    • v
    • Określnik formalny
    • biografie
    • v
    • Określnik formalny
    • słowniki.
    • 2
    • Źródło terminu
    • kaba
    • 9
    • KHW
    • 468763
650 -Hasło przedmiotowe [ ,7]
    • a
    • Hasło przedmiotowe
    • Literatura polska
    • y
    • Określnik chronologiczny
    • 20 w.
    • v
    • Określnik formalny
    • biobibliografia.
    • 2
    • Źródło terminu
    • kaba
    • 9
    • KHW
    • 375333
700 -Hasło dodatkowe - nazwa osobowa [1, ]
    • a
    • Nazwa osobowa (NP)
    • Czachowska, Jadwiga Find
    • d
    • Daty biograficzne (NP)
    • (1922-2013).
    • e
    • Określenie rodzaju współpracy
    • Oprac.
    • 9
    • KHW
    • 9178
700 -Hasło dodatkowe - nazwa osobowa [1, ]
    • a
    • Nazwa osobowa (NP)
    • Szałagan, Alicja Find
    • d
    • Daty biograficzne (NP)
    • (1950- ).
    • e
    • Określenie rodzaju współpracy
    • Oprac.
    • 9
    • KHW
    • 551332
710 -Hasło dodatkowe - nazwa ciała zbiorowego [2, ]
    • a
    • Nazwa ciała zbiorowego lub nazwa geograficzna jako pierwszy element (NP)
    • Wydawnictwa Szkolne i Pedagogiczne.
    • 4
    • Kod relacji
    • pbl
    • 9
    • KHW
    • 52547
856 -Dostęp do wersji elektronicznej [4,1]
920 -ISBN [ , ]
    • a
    • ISBN
    • 83-02-05444-5 Find
    • q
    • Dopowiedzenie
    • t. 1-9
Lokalizacja Uwagi nie widoczne w OPAC Obwoluta Status udost. Sygnatura Data inwentaryzacji Numer tomu Numer inwentarzowy Numer porzadkowy
BG  -6 1996-07-02T.1 A-BZ.88183 
BG  -6 1997-01-23T.2 C-FZ.88768 
BG  -6 1996-07-02T.3 G-JZ.88184 
BG  -6 1999-06-24T.5 L-MZ.94258 
BG  -6 1999-01-27T.4 KZ.93162 
BGpodr.literatura.encyklop.słowniki11 2008-11-12T.10 "Z" i uzupełnienia do tomów 1-9Z.11169210
BG  1Z.88183/11998-05-05T.1 A-BZ.913781
BG  1Z.881831998-05-05T.2 C-FZ.913792
BG  1Z.881831998-05-05T.3 G-JZ.913803
BG  1Z.88183/41999-01-27T.4 KZ.931634
BG  1Z.881831999-01-27T.5 L-MZ.931645
BG  1Z.881832002-04-23T.6 N-PZ.989066
BG  1Z.881832002-04-23T.7 R-StaZ.989077
BM 11POL. Literatura pol. – słow. 452008-11-12T.10 "Z" i uzupełnienia do tomów 1-9P.2131310
BM 11POL. Literatura pol. – słow. 432018-11-30T.8 Ste-VQ.3738
BM 11POL. Literatura pol. – słow. 442018-11-30T.9 W-ZQ.3749
BM  1POL. Literatura pol. – słow. 361997-01-23T.1 A-BP.120641
BM  1POL. Literatura pol. – słow. 381997-01-23T.3 G-JP.126393
BM  1POL. Literatura pol. – słow. 371997-01-23T.2 C-FP.131032
BM  1POL. Literatura pol. – słow. 391999-01-27T.4 KP.150594
BM  1POL. Literatura pol. – słow. 401999-06-24T.5 L-MP.155215
BM  1POL. Literatura pol. – słow. 412002-04-23T.6 N-PP.183526
BM  1POL. Literatura pol. – słow. 422002-04-23T.7 R-StaP.183537
BM 11 2018-10-26T.1 A-BQ.541
BM 11 2018-10-26T.2 C-FQ.552
BM 11 2018-10-26T.3 G-JQ.563
BM 11 2018-10-26T.4 KQ.574
BM 11 2018-10-26T.5 L-MQ.585
BM 11 2018-10-26T.6 N-PQ.596
BM 11 2018-10-26T.7 R-StaQ.607